=LDR 00000nam 2200000 4500 =001 INLIS000000000002002 =005 20220607111537 =035 ##$$a 0010-061300000002002 =008 220607################g##########0#ind## =041 ##$$a Ind =082 ##$$a 712.6 =090 ##$$a 712.6, Sul t =100 ##$$a Sulistyantara, Bambang =245 1#$$a Taman rumah tinggal /$c Bambang Sulisyantara =260 ##$$a Jakarta :$b Penebar Swadaya,$c 1993 =300 ##$$a ix, 194 hlm, : $b illus ; $c 21 cm. =650 #4$$a Taman (rumah tinggal) =850 ##$$a NBPNMAT =020 ##$$a 979-489-119-3 =084 ##$$a 712.6 SUL t =990 ##$$a DW99003867